| 000 | 00610nam a2200133Ia 4500 | ||
|---|---|---|---|
| 005 | 20260209120150.0 | ||
| 008 | 260209s9999||||xx |||||||||||||| ||und|| | ||
| 100 | _aSankalp Sanjay Shanbhag | ||
| 245 | 2 | _aA study on the majority rule and minority interest in Indian listed companies in the context of minority shareholder oppression with reference to majority rule as a framework | |
| 260 |
_aBangaloreBangalore _bNLSIU, Bangalore _c2023 - 2024 |
||
| 300 | _a36 p. ; 25 cm. | ||
| 700 | _aDr. Neeraj Grover - Supervisor Dr. Neeraj Grover - Supervisor | ||
| 856 | _uhttps://dans.nls.ac.in/handle/123456789/2123 | ||
| 999 |
_c217709 _d217709 |
||